000 00448cam a22001934a 4500
005 20250605164319.0
008 250528s ||||||||||||||||||||||||d
035 _a22821
020 _a9780534389666
040 _aGR-AtMCL
_bgre
_dGR-AtMCL
_eAACR2
245 1 _aLEARNING C++
250 _a3
260 _bThomson Business Press,
_c2004
300 _a530
700 1 _aNagler Eric
_98493
942 _cBK
999 _c7866
_d7866